zpět

Detail výsledku týmu

Hřebíkárna, Chomutov

Datum a čas kvízu

34.5 Celkem bodů Celkový počet nahraných bodů na tomto kvízu bez doplňovacích otázek.
9. Pořadí na kvízu Konečné umístění týmu na tomto kvízu.

Zaznamenané odpovědi

# Otázka Odpověď Body Výsledky
1. Jak se jmenuje světoznámá česk... Eva Jiřičná 1
2. Jedna světoznámá fontána je kv... v Římě 1
3. V pondělí proběhla v Londýně a... Tetris 0
4. Ruské úřady vyměřily minulý tý... Google 1
5. Pátý, rozhodující zápas finále... Los Angeles Dodgers 0
6. Pokud žijete v Dánsku, budete... skořicí 1
7. Ve které zemi má původ takovát... v Mexiku 1
8. Ve vesnici Castrillo de Murcía... C 0
9. Kousek od anglického města Glo... o sýr (kolo sýra) 1
10. I řada našich tradic může na c... Jízda králů 1